000 nam a22 7a 4500
999 _c174566
_d174566
003 Nust
005 20170201100602.0
008 170201b xxu||||| |||| 00| 0 eng d
040 _c0
050 _a628 ZAQ
082 _a628 ZAQ
100 _aZaqoot,Hossam Adel
245 _aImpact Of Oil Pollution On Coastal Environment Of Karachi
_cHossam Adel Zaqoot
260 _aJamshoro
_bIEEM,Mehran University of Engineering & Technology Jamshoro
_c2000
300 _a145 p.
_bHB.
440 _aMS Environmental Engineering
500 _aThesis MS EE
650 _aEnvironmental Engineering
700 _4Dr. Abdul Khalique Ansari (Supervisor)
942 _2ddc
_cTHE
_kIESE